Информационные письма ... № 25 (85): Роль химических цехов станций в повышении производительности котлов (Запись № 13619982)

Подробности
000 -МАРКЕР
контрольное поле 01111nam2a2200229 4500
001 - ИДЕНТИФИКАТОР ЗАПИСИ
контрольное поле rc\3024936
005 - ИДЕНТИФИКАТОР ВЕРСИИ
контрольное поле 20260315064849.0
035 ## - ДРУГИЕ СИСТЕМНЫЕ НОМЕРА
Идентификатор записи (NLR Aleph) 007166411
100 ## - ДАННЫЕ ОБЩЕЙ ОБРАБОТКИ
Данные общей обработки 20110929d1937 u y0rusy50 ca
101 0# - ЯЗЫК РЕСУРСА
Язык текста, звукозаписи и т.д. русский
102 ## - СТРАНА ПУБЛИКАЦИИ ИЛИ ПРОИЗВОДСТВА
Страна публикации российская федерация
105 ## - ПОЛЕ КОДИРОВАННЫХ ДАННЫХ: ТЕКСТОВЫЕ МАТЕРИАЛЫ, МОНОГРАФИЧЕСКИЕ
Кодированные данные о монографическом текстовом документе y z |||||
200 1# - ЗАГЛАВИЕ И СВЕДЕНИЯ ОБ ОТВЕТСТВЕННОСТИ
Основное заглавие Роль химических цехов станций в повышении производительности котлов
Первые сведения об ответственности И.Д. Четвериков
210 ## - ПУБЛИКАЦИЯ, РАСПРОСТРАНЕНИЕ И ДР.
Дата издания, распространения и т.д. 1937
461 #0 - УРОВЕНЬ НАБОРА
Встроенное поле 001rc\3024901
-- 2001#$aИнформационные письма ...$fСост. турбинным цехом Оргрэс$gНар. ком. тяж. пром. Главэнерго$v№ 25 (85)
Системный номер (АБИС) связанной записи 7301077
Автор "Оргрэс", трест (Москва)
Место публикации Москва
Дата публикации 1935-1940
Первые сведения об ответственности Сост. турбинным цехом Оргрэс
Имя издателя, распространителя и т.д. Изд-во газ. "За индустриализацию"
Заглавие Информационные письма ...
Номер тома № 25 (85)
700 #1 - ИМЯ ЛИЦА - ПЕРВИЧНАЯ ОТВЕТСТВЕННОСТЬ
Начальный элемент ввода Четвериков
Часть имени, кроме начального элемента ввода И.Д.
801 #0 - ИСТОЧНИК ЗАПИСИ
Страна российская федерация
Организация NLR
Правила каталогизации psbo
801 #1 - ИСТОЧНИК ЗАПИСИ
Страна российская федерация
Организация ELAR
Источник данных rusmarc
852 ## - МЕСТОНАХОЖДЕНИЕ И ШИФР ХРАНЕНИЯ
Идентификатор организации NLR
Шифр хранения (Call Number) 35-17/179
942 ## - ДОПОЛНИТЕЛЬНЫЕ ЭЛЕМЕНТЫ ЗАПИСИ (АБИС)
Тип экземпляра АБИС Неопределено
980 ## - КОЛЛЕКЦИЯ
Название коллекции Национальная библиография

Нет доступных экземпляров.